00830nam a2200205 a 450000100100000000500170001000800410002704000250006808200130009310000290010624500340013526000440016930000340021349000310024759000750027870000280035383000420038195201840042399900170060700003585320200930074651.0111115s1914 fr ac 000 0 fre d aDO-SdBNPbspacBNPHU axxxbJ821 aJordaens, Jacques96183110aJordaens /cJacques Jordaens. aParis :bPierre Lafitte et Cie.,c1914. a80 p. :bil., retr. ;c20 cm.1 aLes peintres illustresv62 aPerteneció a la biblioteca personal de Juan Isidro Jimenes Grullón1 aRoujon, M. Henry961832 0aLes peintres illustresnno. 62961833 001050718RVaGRbGRcCTd2011-11-15iLF1l0oxxx J82p35853-10r2020-06-25w2020-06-25y1zPerteneció a la biblioteca personal de Juan Isidro Jimenes- GrullónZNo se presta c35344d35344